Race Tracks From Satellite - Statistics

General Stats
  • This quiz has been taken 270 times
  • The average score is 35 of 68
Answer Stats
Picture Answer % Correct
Daytona International Speedway
87%
Bahrain International Circuit
85%
Circuit de Barcelona-Catalunya
85%
Autodromo Nazionale Monza
84%
Circuit de Spa-Francorchamps
84%
Brands Hatch
82%
Indianapolis Motor Speedway
82%
Silverstone Circuit
82%
Circuit of the Americas
81%
Autodromo Enzo e Dino Ferrari
80%
Red Bull Ring
79%
Nurburgring
77%
Hungaroring
75%
Autodromo Jose Carlos Pace
74%
Circuit Paul Ricard
72%
Fuji Speedway
71%
Shanghai International Circuit
71%
Lusail International Circuit
70%
Sepang International Circuit
70%
Autodromo Internacional do Algarve
68%
Circuit de la Sarthe
68%
Yas Marina Circuit
68%
Weathertech Raceway Laguna Seca
67%
Sebring International Raceway
66%
Mount Panorama Circuit
65%
Autodromo Internazionale del Mugello
61%
Sochi Autodrom
61%
Watkins Glen International
60%
Donington Park
59%
Road America
58%
Road Atlanta
57%
Kyalami Grand Prix Circuit
55%
Autodromo Hermanos Rodriguez
51%
Circuit Zolder
51%
Pocono Raceway
49%
Talladega Superspeedway
49%
Twin Ring Motegi
49%
Autodromo Fernanda Pires da Silva
47%
Sonoma Raceway
46%
Dubai Autodrome
45%
Snetterton Circuit
45%
Virginia International Raceway
44%
Goodwood Motor Circuit
42%
Canadian Tire Motorsport Park
41%
Oulton Park
40%
Lime Rock Park
39%
Mid-Ohio Sports Car Course
38%
MotorLand Aragon
38%
TT Circuit Assen
38%
Okayama International Circuit
37%
Circuito de Madrid Jarama
33%
Cadwell Park
31%
Knockhill Racing Circuit
31%
Chang International Circuit
29%
Thruxton Circuit
29%
Autodromo de Buenos Aires Juan y Oscar Galvez
26%
Sydney Motorsport Park
26%
Croft Circuit
22%
Autodromo Brasilia BRB
21%
The Bend Motorsport Park
21%
Zhuhai International Circuit
21%
Circuit Mont-Tremblant
20%
Hidden Valley Raceway
18%
Calder Park
17%
Inje Speedium
10%
Brainerd International Raceway
9%
Pembrey Circuit
7%
Nelson Ledges Race Course
5%
No matching quizzes found
Score Distribution
Percent of People with Each Score
Percentile by Number Answered
Your Score History
You have not taken this quiz